Consideraciones generales sobre la adjudicación de partidas específicas a las Asociaciones de Desarrollo Comunal (Período 1978)

Gardado en:
Detalles Bibliográficos
Autor Corporativo: Costa Rica. Ministerio de Promoción Humana. Dirección Nacional de Desarrollo de la Comunidad
Formato: Texto
Publicado: San José : DINADECO,
Materias:
Etiquetas: Engadir etiqueta
Sen Etiquetas, Sexa o primeiro en etiquetar este rexistro!

MARC

LEADER 00000 a a2200000 04500
001 15615
003
040
020 |a [sin ISBN]  
090 |a 1001 CR8375c  
110 |a Costa Rica. Ministerio de Promoción Humana. Dirección Nacional de Desarrollo de la Comunidad  
245 |a Consideraciones generales sobre la adjudicación de partidas específicas a las Asociaciones de Desarrollo Comunal (Período 1978)  
260 |a San José :   |b DINADECO,  
300 |a 4; 66 p.  
650 |a DESARROLLO DE LA COMUNIDAD  
999 |c 11113  |d 11113